000 00623nam a2200241 a 4500
001 nice12345678
003 IN_TiNIC
005 20260116014222.0
008 050524s2005 dela grp 000 0 eng
020 _a8183248
_c695
082 0 0 _a291.422
_bADH
100 _aAdhakha, S K
245 _aReligious Mysticism
_b Hinduism and Islam
260 _aDelhi
_bMittal Publication
_c2005
300 _a321p
500 _aincludes index and biblioraphy
505 2 _aBibliography, Index
650 _aMysticism-Comparative Study
700 1 _aAdhakha, S K
902 _bSRS
942 _cBK
999 _c14380
_d14380